000 00764nam a2200229 4500
999 _c371050
_d371050
008 201207b ||||| |||| 00| 0 eng d
040 _bger
_cSTAFF
_erda
_aSTAFF
041 _ager
100 _aBerjas, Irena:
245 _aZur Geschichte des Modemuseums im Schloss Meyenburg.
_cIrena Berjas
490 _aDie Mark Brandenburg
_v2021/Sonderheft
653 _aEdle von Krepl, Josefine Johanna Therese 1944-
653 _a20. Jahrhundert
653 _aSchloss Meyenburg
653 _aModemuseum
653 _aAlltagsmode
773 _dBerlin: Die Mark Brandenburg - Verlag für Regional- und Zeitgeschichte
_g(2021) Sonderheft, S. 44-51: Abb.
_tDie Mark Brandenburg
942 _cA